Normal view
MARC view
Entry Personal Name
001 - CONTROL NUMBER
- control field: 50286
003 - CONTROL NUMBER IDENTIFIER
- control field: dpl
005 - DATE AND TIME OF LATEST TRANSACTION
- control field: 20120720095753.0
008 - FIXED-LENGTH DATA ELEMENTS
- fixed length control field: 120720|||a|||||| | ||| d
040 ## - CATALOGING SOURCE
- Original cataloging agency: dpl
- Transcribing agency: dpl
100 ## - HEADING--PERSONAL NAME
- Personal name: Satyen Bose
670 ## - SOURCE DATA FOUND
- Source citation: Work cat.: (dpl)68507: Anmol Tasveer
670 ## - SOURCE DATA FOUND
- Source citation: Work cat.: (dpl)68507: Anmol Tasveer
